Normal view
MARC view
- MATHEMATICAL CENTURY.MATHEMATICAL PROBLEMS OF THE LAST 100 YEARS
Entry Topical Term
001 - CONTROL NUMBER
- control field: 63212
003 - CONTROL NUMBER IDENTIFIER
- control field: NUST
005 - DATE AND TIME OF LATEST TRANSACTION
- control field: 20210628203059.0
008 - FIXED-LENGTH DATA ELEMENTS
- fixed length control field: 210628|| aca||aabn | a|a d
040 ## - CATALOGING SOURCE
- Original cataloging agency: NUST
- Transcribing agency: NUST
150 ## - HEADING--TOPICAL TERM
- Topical term or geographic name entry element: MATHEMATICAL CENTURY.MATHEMATICAL PROBLEMS OF THE LAST 100 YEARS
670 ## - SOURCE DATA FOUND
- Source citation: Work cat.: (NUST): Odifreddi, Piergiorgio 63211, The mathematical century, the 30 greatest problems of the last 100 years, 2000
